| 000 | 00650nam a2200217 a 4500 | ||
|---|---|---|---|
| 005 | 20240806064155.0 | ||
| 008 | 040216s1999 mx r 000 0 spa d | ||
| 020 | _a8470306669 | ||
| 035 | _aUPN01000131914 | ||
| 049 | _aCG | ||
| 050 | 4 |
_aRC512 _bC7.5 |
|
| 100 | 1 | _aCrespo, Luis Fernando | |
| 245 | 1 | 3 |
_aLa identificación proyectiva en las psicosis / _cLuis Fernando Crespo. |
| 260 |
_aMadrid : _bBiblioteca Nueva : _bAsociación Psicoanálitica de Madrid, _cc1999. |
||
| 300 | _a237 p. | ||
| 440 | 0 | _aPsicoanálisis | |
| 650 | 2 |
_aPsicosis _914792 |
|
| 650 | 4 | _aIDENTIFICACION PSICOLOGICA | |
| 650 | 4 |
_aPsicoanálisis _91572 |
|
| 905 | _aLibro | ||
| 999 |
_c104069 _d104069 |
||